|
003 -Nazwa inst., której nr kontr. jest w polu 001 [,]
|
-
- @
- Nazwa instytucji, której n kontrolny jest w polu 001
- NUKAT
|
|
005 -DATA I CZAS OSTATNIEJ MODYFIKACJI [,]
|
-
- @
- pole kontrolne
- 20241231100158.0
|
|
020 -Międzynarod. znormalizowany nr książki - ISBN [ , ]
|
-
- a
- Numer ISBN
- 9788389687173
|
|
040 -Instytucja sporządzająca opis [ , ]
|
-
- a
- Instytucja, która sporządziła opis (NP)
- KR U/WS
-
- c
- Instytucja, która sporządziła rekord (NP)
- KR U/WS
-
- d
- Instytucja, która zmodyfikowała rekord (P)
- KR U/ES
-
- d
- Instytucja, która zmodyfikowała rekord (P)
- KR U/IFs
-
- d
- Instytucja, która zmodyfikowała rekord (P)
- WR U/dl
-
- d
- Instytucja, która zmodyfikowała rekord (P)
- KAT 001/KC
|
|
942 -Rodzaj dokumentu [ , ]
|
-
- c
- Rodzaj dokumentu
- Książka
|
|
245 -Strefa tytułu i oznaczenia odpowiedzialności [0,0]
|
-
- a
- Tytuł
- Education, Employment, Europe :
-
- b
- Ciąg dalszy tytułu (NP)
- conference : proceedings, 21-22 September 2006, Jagiellonian University, Cracow /
-
- c
- Pozostałe elementy strefy tytułu i oznaczenia odpowiedzialności (NP)
- [prepared by the ed. team: Anna Jurczak et al.].
|
|
246 -Wariant tytułu [3,0]
|
-
- a
- Tytuł (NP)
- Conference "Education, Employment, Europe" :
-
- b
- Ciąg dalszy tytułu (NP)
- proceedings 21-22 September 2006, Jagiellonian University, Cracow
|
|
246 -Wariant tytułu [1,3]
|
-
- a
- Tytuł (NP)
- Tripl-E DOSE "Education, Employment, Europe"
|
|
246 -Wariant tytułu [1, ]
|
-
- i
- Tekst wyświetlany na ekranie monitora (NP)
- Tyt. wersji pol.:
-
- a
- Tytuł (NP)
- Edukacja, zatrudnienie, Europa :
-
- b
- Ciąg dalszy tytułu (NP)
- materiały konferencyjne, 21-22 września 2006 r., Kraków
|
|
260 -Strefa adresu wydawniczego [ , ]
|
-
- a
- Miejsce wydania (P)
- Warsaw :
-
- b
- Nazwa wydawcy (P)
- National Contact Point for Research Programmes of the European Union [etc.],
-
|
|
080 -Uniwersalna Klasyfikacja Dziesiętna [ , ]
|
-
- 2
- Identyfikator wydania tablic
- UDC-P058, UDC-P022
-
- a
- Symbol klasyfikacji
- 37.014
-
- b
- Dopowiedzenie
- Polityka oświatowa. Szkoła a życie publiczne.
-
- x
- Poddział wspólny
- (4-67)
-
- b
- Dopowiedzenie
- (Kraje Unii Europejskiej).
-
-
- b
- Dopowiedzenie
- (Wydawnictwa odnoszące się do konferencji, zjazdów itd. Sprawozdania z konferencji).
-
-
- b
- Dopowiedzenie
- =Język angielski.
|
|
080 -Uniwersalna Klasyfikacja Dziesiętna [ , ]
|
-
- 2
- Identyfikator wydania tablic
- UDC-P058, UDC-P022
-
- a
- Symbol klasyfikacji
- 331.5
-
- b
- Dopowiedzenie
- Rynek pracy. Zatrudnienie. Pełne zatrudnienie. Brak sił roboczych. Ruchliwość sił roboczych. Obcokrajowe siły robocze. Zatrudnienie cudzoziemców. Gastarbeiterzy. Praca za granicą. Rehabilitacja zawodowa.
-
- x
- Poddział wspólny
- (4-67)
-
- b
- Dopowiedzenie
- (Kraje Unii Europejskiej).
-
-
- b
- Dopowiedzenie
- (Wydawnictwa odnoszące się do konferencji, zjazdów itd. Sprawozdania z konferencji).
-
-
- b
- Dopowiedzenie
- =Język angielski.
|
|
650 -Hasło przedmiotowe [ ,7]
|
-
- a
- Hasło przedmiotowe
- Edukacja i zatrudnienie
-
- z
- Określnik geograficzny
- Kraje Unii Europejskiej
-
- v
- Określnik formalny
- konferencje.
-
-
|
|
650 -Hasło przedmiotowe [ ,7]
|
-
- a
- Hasło przedmiotowe
- Edukacja dorosłych
-
- z
- Określnik geograficzny
- Kraje Unii Europejskiej
-
- v
- Określnik formalny
- konferencje.
-
-
|
|
650 -Hasło przedmiotowe [ ,7]
|
-
- a
- Hasło przedmiotowe
- Nauczanie akademickie
-
- z
- Określnik geograficzny
- Kraje Unii Europejskiej
-
- v
- Określnik formalny
- konferencje.
-
-
|
|
650 -Hasło przedmiotowe [ ,7]
|
-
- a
- Hasło przedmiotowe
- Rynek pracy
-
- z
- Określnik geograficzny
- Kraje Unii Europejskiej
-
- v
- Określnik formalny
- konferencje.
-
-
|
|
980 -Symbol UKD [ , ]
|
-
- a
- UKD
- 37.014:331.5](4-67)(061)=111
|